• 首页
  • 本馆介绍
  • 公告通知
  • 最新文献
  • 馆藏检索
  • 电子资源
  • 读者导购
  • 参考咨询
  • 我的图书馆
  • 登录
  • 详细信息显示
  • 放入我的书架
  • 预约/预借图书
  • 作者相关作品
  • 分类相关作品
  • 丛书相关作品
  • 出版社相关作品

书目信息

  • 表格格式
  • 工作单格式
  • 卡片格式
题名:
儒家革命精神源流考
    
 
作者: 刘小枫 著
分册:  
出版信息: 上海   生活·读书·新知三联书店上海分店  2000
页数: 108页
开本: 32开
丛书名: 三联评论
单 册:
中图分类: B222.05
科图分类:
主题词: 儒家--研究
电子资源:
ISBN: 7-5426-1412-6
000 00721nam0 2200229 45
001 0211261481
005 20031219104101.5
010    @a7-5426-1412-6@dCNY8.50
100    @a20021126d2000 km y0chiy0120 ea
101 0  @achi
105    @a z 000yy
200 1  @a儒家革命精神源流考@ARu Jia Ge Ming Jing Shen Yuan Liu Kao@f刘小枫著@FLiu Xiao Feng Zhu
210    @a上海@c生活·读书·新知三联书店上海分店@d2000
215    @a108页@d32开
225    @a三联评论@f吴士余,倪为国主编
410    @12001 @a三联评论
410    @1700 0@a倪为国@ANi Wei Guo@4主编@a吴士余@AWu Shi Yu@4主编
606 0  @a儒家@x研究
690    @aB222.05@v4
701    @a刘小枫@4著
801    @aCN@bTSTC@c20021126
905    @b317975-976@dB222.05@e186@f2
    
    儒家革命精神源流考/刘小枫著.-上海:生活·读书·新知三联书店上海分店,2000
    108页;32开.-(三联评论/吴士余,倪为国主编)
    
    
    ISBN 7-5426-1412-6:CNY8.50
    
●
相关链接 在E读中查询图书 在五车中查询图书 在当当中查询图书 在豆瓣中查询图书


正题名:儒家革命精神源流考     索取号:B222.05/186         预约/预借

序号 登录号 条形码 馆藏地/架位号 状态 备注
1 0317975   203179755   第一借阅区/ [索取号:B222.05/186] 在馆    
2 0317976   203179764   第一样本阅览室/ [索取号:B222.05/186] 在馆    
唐山师范学院图书馆 欢迎您!
大连网信软件有限公司© 版权所有